Statistics for 5 Most Guessed Countries per Language

Click here to take the quiz!

General Stats

  • This quiz has been taken 160 times
  • The average score is 12 of 13

Answer Stats

LanguageAnswer% Correct
FrenchFrance
99%
GermanGermany
99%
EnglishUnited States
99%
FrenchItaly
97%
DutchNetherlands
97%
PolishPoland
97%
EnglishCanada
96%
SpanishBrazil
95%
EnglishMexico
95%
EnglishRussia
91%
DutchBelgium
90%
SpanishArgentina
86%
EnglishChina
80%

Score Distribution

Percentile by Number Answered

Percent of People with Each Score

Your Score History

You have not taken this quiz